000 00347nam a2200121Ia 4500
008 220204s9999 xx 000 0 und d
082 _a630*94(047)(548.3)
_bHUS
100 _aHussain, KH
245 0 _aKFRI research reports 1975-2012. Abstracts
260 _aThrissur
_bKerala Forest Research Institute
_c2013
700 _aSAROJAM, N
942 _cBK
999 _c44565
_d44565